| 000 | 00838nac a22002531u 4500 | ||
|---|---|---|---|
| 008 | 100906s1999 i |||||r|||| 001 0 eng d | ||
| 010 | _a98086976 | ||
| 020 | _a1571691596 | ||
| 020 | _a817635242x | ||
| 035 | _a(OCoLC)40739503 | ||
| 082 | 0 | 0 |
_a005.133 _bWAI _222 |
| 245 | 0 | 4 |
_aThe Waite Group's C++ how-to / _cJan Walter ... [et al.]. |
| 246 | 3 | _aWaite Group's C plus plus how-to | |
| 246 | 3 | _aC++ how-to | |
| 246 | 3 | _aC plus plus how-to | |
| 260 |
_aNew Delhi : _bTechmedia, _cc1999. |
||
| 300 |
_axiv, 582 p. : _bill. ; _c24 cm. + _e1 computer laser opticcal disc (4 3/4 in.) |
||
| 500 | _aIncludes index. | ||
| 650 | 0 |
_aC++ (Computer program language) _918435 |
|
| 650 | 0 |
_aObject-oriented programming (Computer science) _918436 |
|
| 700 | 1 |
_aWalter, Jan. _918437 |
|
| 710 | 2 |
_aWaite Group. _918438 |
|
| 942 |
_cBB _k005.133 WAI _2ddc |
||
| 999 |
_c505 _d505 |
||